[Event "Dos Hermanas Internet f 10th"]
[Site "ICC INT"]
[Date "2009.03.20"]
[Round "1.2"]
[White "Dlugy, Maxim"]
[Black "Kovalyov, Anton"]
[Result "0-1"]
[WhiteElo "2518"]
[BlackElo "2557"]
[PlyCount "84"]
[GameId "1166651628281856"]
[EventDate "2009.03.20"]
[EventType "k.o. (blitz)"]
[EventRounds "5"]
[EventCountry "USA"]
[SourceTitle "CBM 129 Extra"]
[Source "ChessBase"]
[SourceDate "2009.05.05"]
[SourceVersion "2"]
[SourceVersionDate "2009.05.20"]
[SourceQuality "1"]

1. d4 Nf6 2. c4 e6 3. Nf3 b6 4. g3 c6 5. Qc2 d5 6. Bg2 Be7 7. O-O O-O 8. Rd1 Nbd7 9. Nc3 Ba6 10. Nd2 Rc8 11. Qa4 Bxc4 12. Nxc4 b5 13. Qxa7 bxc4 14. Qa4 c5 15. dxc5 Bxc5 16. Qc2 Qb6 17. e3 Qa7 18. Na4 Be7 19. Bd2 Ne5 20. Bc3 Nd3 21. Bd4 Qa5 22. b3 e5 23. Bc3 Bb4 24. bxc4 dxc4 25. a3 Bxc3 26. Nxc3 Ng4 27. Rd2 Rb8 28. Ra2 Ngxf2 29. Rxf2 Nxf2 30. Kxf2 Rfd8 31. Ne2 Qc5 32. Rb2 Rbc8 33. Be4 g6 34. g4 c3 35. Rb3 Rd2 36. Qb1 c2 37. Qc1 Rd1 38. Qxc2 Qxc2 39. Bxc2 Rxc2 40. Kf3 Rf1+ 41. Kg2 Re1 42. Kf3 Rcxe2 0-1

[Event "Dos Hermanas Internet f 10th"]
[Site "ICC INT"]
[Date "2009.03.20"]
[Round "1.3"]
[White "Kovalyov, Anton"]
[Black "Dlugy, Maxim"]
[Result "0-1"]
[WhiteElo "2557"]
[BlackElo "2518"]
[PlyCount "66"]
[GameId "1166651628351488"]
[EventDate "2009.03.20"]
[EventType "k.o. (blitz)"]
[EventRounds "5"]
[EventCountry "USA"]
[SourceTitle "CBM 129 Extra"]
[Source "ChessBase"]
[SourceDate "2009.05.05"]
[SourceVersion "2"]
[SourceVersionDate "2009.05.20"]
[SourceQuality "1"]

1. Nf3 b5 2. e4 a6 3. d4 Bb7 4. Bd3 e6 5. c3 Nf6 6. e5 Nd5 7. O-O Be7 8. Nbd2 c5 9. dxc5 Bxc5 10. Ne4 Be7 11. Bg5 O-O 12. Bxe7 Qxe7 13. Nd6 Bc6 14. Qd2 f6 15. c4 bxc4 16. Nxc4 fxe5 17. Nfxe5 Nf4 18. f3 Bd5 19. Rae1 Nc6 20. Nxc6 Bxc6 21. Ne5 Nxd3 22. Qxd3 Bb5 23. Qd4 Bxf1 24. Kxf1 Rfd8 25. Nc4 Qf6 26. Ne5 d6 27. Nc6 Qxd4 28. Nxd4 e5 29. Nc6 Rd7 30. Rc1 Kf7 31. b4 Rb7 32. a4 Ke8 33. Ke2 Rc8 0-1

[Event "Dos Hermanas Internet f 10th"]
[Site "ICC INT"]
[Date "2009.03.20"]
[Round "1.4"]
[White "Dlugy, Maxim"]
[Black "Kovalyov, Anton"]
[Result "1-0"]
[WhiteElo "2518"]
[BlackElo "2557"]
[PlyCount "159"]
[GameId "1166651628376064"]
[EventDate "2009.03.20"]
[EventType "k.o. (blitz)"]
[EventRounds "5"]
[EventCountry "USA"]
[SourceTitle "CBM 129 Extra"]
[Source "ChessBase"]
[SourceDate "2009.05.05"]
[SourceVersion "2"]
[SourceVersionDate "2009.05.20"]
[SourceQuality "1"]

1. d4 Nf6 2. Nf3 e6 3. Bg5 Be7 4. c3 b6 5. Nbd2 Bb7 6. e3 c5 7. Be2 cxd4 8. exd4 d6 9. O-O a6 10. Re1 Nbd7 11. a4 O-O 12. Bd3 h6 13. Bh4 Nh5 14. Bxe7 Qxe7 15. Bf1 Nhf6 16. g3 Rfe8 17. Bg2 Qd8 18. Qb3 Qc7 19. Nh4 Bxg2 20. Nxg2 Rab8 21. Ne3 g6 22. Qc4 Qxc4 23. Ndxc4 d5 24. Nd2 Kg7 25. Nc2 Rec8 26. Nb4 a5 27. Nd3 Ne8 28. Ra3 Nd6 29. f3 Nc4 30. Nxc4 Rxc4 31. Kf2 h5 32. Ke3 Rc7 33. Kd2 Kf6 34. Rb3 Rc4 35. Ra1 Ke7 36. Rb5 Kd6 37. b3 Rc7 38. b4 axb4 39. Rxb4 Ra7 40. f4 Rba8 41. Ne5 Nxe5 42. fxe5+ Ke7 43. Rxb6 Rxa4 44. Rb7+ Ke8 45. Rf1 R8a7 46. Rfxf7 Ra2+ 47. Ke3 Rxb7 48. Rxb7 Rxh2 49. Rg7 Rc2 50. Kd3 Rg2 51. Rxg6 Kf7 52. Rg5 Rf2 53. c4 dxc4+ 54. Kxc4 Rf3 55. Kc5 Ra3 56. Rxh5 Ra5+ 57. Kb4 Ra8 58. Rh4 Rb8+ 59. Kc4 Rc8+ 60. Kd3 Kg6 61. Rf4 Re8 62. Rf6+ Kg5 63. Ke4 Kg4 64. Rg6+ Kh5 65. Rf6 Kg5 66. d5 exd5+ 67. Kxd5 Rd8+ 68. Ke6 Re8+ 69. Kd6 Rd8+ 70. Ke7 Ra8 71. Rf4 Ra5 72. e6 Ra6 73. Kf7 Ra7+ 74. e7 Kh5 75. Kf8 Kg5 76. e8=Q Kh6 77. Rh4+ Kg5 78. Qe5+ Kg6 79. Rg4+ Kh7 80. Qh5# 1-0

[Event "Dos Hermanas Internet f 10th"]
[Site "ICC INT"]
[Date "2009.03.20"]
[Round "1.5"]
[White "Kovalyov, Anton"]
[Black "Dlugy, Maxim"]
[Result "1/2-1/2"]
[WhiteElo "2557"]
[BlackElo "2518"]
[PlyCount "140"]
[GameId "1166651628396544"]
[EventDate "2009.03.20"]
[EventType "k.o. (blitz)"]
[EventRounds "5"]
[EventCountry "USA"]
[SourceTitle "CBM 129 Extra"]
[Source "ChessBase"]
[SourceDate "2009.05.05"]
[SourceVersion "2"]
[SourceVersionDate "2009.05.20"]
[SourceQuality "1"]

1. c4 c5 2. Nc3 Nf6 3. Nf3 e6 4. d4 cxd4 5. Nxd4 d5 6. cxd5 Nxd5 7. Bd2 Be7 8. e3 O-O 9. Be2 Nb6 10. O-O e5 11. Nb3 Nc6 12. Rc1 Be6 13. e4 Rc8 14. Be3 Nc4 15. Bxc4 Bxc4 16. Qxd8 Rfxd8 17. Rfd1 Rxd1+ 18. Rxd1 Rd8 19. Nd5 Bf8 20. f3 f6 21. Kf2 Kf7 22. Nc1 Ke6 23. Nc7+ Ke7 24. Nd5+ Kf7 25. b3 Bxd5 26. exd5 Nb4 27. Bxa7 Nxd5 28. Ne2 Ke6 29. Be3 Ra8 30. a4 Nxe3 31. Kxe3 Bc5+ 32. Kd3 Rd8+ 33. Kc2 Rc8 34. Kb1 f5 35. Rc1 Rc7 36. b4 Bd6 37. Rxc7 Bxc7 38. Kc2 Kd5 39. Kb3 e4 40. f4 Bb6 41. a5 Bf2 42. Kc3 Be1+ 43. Kb3 e3 44. Ka4 Bh4 45. b5 Be7 46. a6 bxa6 47. bxa6 Bc5 48. Kb5 Ba7 49. Ng3 g6 50. h4 Kd4 51. Kc6 Kd3 52. Kb7 Bc5 53. Kc6 Bd4 54. Kd5 Ba7 55. Ke6 e2 56. Nxe2 Kxe2 57. Kf7 Ke3 58. Kg7 Kxf4 59. Kxh7 Kg4 60. Kxg6 Kxh4 61. Kxf5 Kg3 62. Ke4 Kxg2 63. Kd5 Kg3 64. Kc6 Kf4 65. Kb7 Be3 66. Kc6 Ke5 67. Kb5 Kd6 68. Kc4 Kc7 69. a7 Kb7 70. a8=Q+ Kxa8 1/2-1/2

[Event "Dos Hermanas Internet f 10th"]
[Site "ICC INT"]
[Date "2009.03.20"]
[Round "1.6"]
[White "Dlugy, Maxim"]
[Black "Kovalyov, Anton"]
[Result "0-1"]
[WhiteElo "2518"]
[BlackElo "2557"]
[PlyCount "136"]
[GameId "1166651628400640"]
[EventDate "2009.03.20"]
[EventType "k.o. (blitz)"]
[EventRounds "5"]
[EventCountry "USA"]
[SourceTitle "CBM 129 Extra"]
[Source "ChessBase"]
[SourceDate "2009.05.05"]
[SourceVersion "2"]
[SourceVersionDate "2009.05.20"]
[SourceQuality "1"]

1. d4 Nf6 2. c4 e6 3. Nf3 b6 4. g3 c6 5. Bg2 d5 6. Qc2 Be7 7. O-O O-O 8. Rd1 Nbd7 9. b3 Ba6 10. Nbd2 Rc8 11. e4 Qc7 12. Bb2 Qb8 13. Rac1 Rfd8 14. Qb1 Bb7 15. e5 Ne8 16. h4 Nc7 17. Ng5 Bxg5 18. hxg5 c5 19. cxd5 Bxd5 20. Ne4 Ne8 21. f4 cxd4 22. Bxd4 Qb7 23. Rxc8 Rxc8 24. Rd2 Nb8 25. Qd3 Nc6 26. Bc3 Ne7 27. Bb2 Nf5 28. Kh2 Qc6 29. Qe2 Ne7 30. Nc3 Bxg2 31. Qxg2 Qxg2+ 32. Kxg2 Nc7 33. Rd7 Ncd5 34. Nxd5 Nxd5 35. Rxa7 Rc2+ 36. Kf3 Rc8 37. Bd4 h5 38. gxh6 gxh6 39. Ke4 b5 40. a4 bxa4 41. bxa4 Rc4 42. a5 Ra4 43. Kd3 Ra3+ 44. Kc4 Rxg3 45. a6 Ra3 46. Ra8+ Kg7 47. a7 Ra4+ 48. Kb3 Rxd4 49. Rg8+ Kxg8 50. a8=Q+ Kg7 51. f5 exf5 52. Qa6 f4 53. Qe2 Kg6 54. Qg4+ Kh7 55. Qf5+ Kg7 56. e6 f6 57. Qg4+ Kf8 58. Qh5 Ke7 59. Qf7+ Kd6 60. Qd7+ Ke5 61. e7 Nxe7 62. Qxe7+ Kf5 63. Qh7+ Ke5 64. Qg7 Ke4 65. Qg6+ Ke3 66. Qxf6 Re4 67. Kc2 f3 68. Qf5 Rd4 0-1

[Event "Dos Hermanas Internet f 10th"]
[Site "ICC INT"]
[Date "2009.03.20"]
[Round "2.1"]
[White "Ghaem Maghami, Ehsan"]
[Black "Kovalyov, Anton"]
[Result "0-1"]
[WhiteElo "2604"]
[BlackElo "2557"]
[PlyCount "184"]
[GameId "1166651628417024"]
[EventDate "2009.03.20"]
[EventType "k.o. (blitz)"]
[EventRounds "5"]
[EventCountry "USA"]
[SourceTitle "CBM 129 Extra"]
[Source "ChessBase"]
[SourceDate "2009.05.05"]
[SourceVersion "2"]
[SourceVersionDate "2009.05.20"]
[SourceQuality "1"]

1. c4 Nf6 2. Nc3 e5 3. Nf3 Nc6 4. d3 Bb4 5. Bd2 O-O 6. e3 d6 7. Be2 a5 8. O-O Re8 9. Rc1 h6 10. a3 Bc5 11. Nb5 e4 12. Nfd4 Ne5 13. dxe4 Nxe4 14. Be1 c6 15. Nc3 Nxc3 16. Bxc3 a4 17. Nf3 Bf5 18. Qd2 Ng4 19. Nd4 Bd7 20. Rcd1 Qg5 21. Nf3 Qh5 22. Bd4 Be6 23. h3 Nf6 24. Bxf6 gxf6 25. Nd4 Qg5 26. Nf3 Qg7 27. Kh1 f5 28. Nd4 Qf6 29. Qc3 f4 30. exf4 Qxf4 31. Bf3 Bd7 32. Ne2 Qe5 33. Qxe5 Rxe5 34. Nf4 Ra6 35. Nd3 Re7 36. Nxc5 dxc5 37. Rd2 Be6 38. Rc1 Rb6 39. Kh2 Rd7 40. Rdc2 Rd4 41. Be2 Kg7 42. Bf1 Rb3 43. g4 Rf4 44. Kg2 h5 45. gxh5 Bxh3+ 46. Kg1 Bf5 47. Rd2 Rg4+ 48. Kh2 Rh4+ 49. Kg1 Rxh5 50. f4 Rh4 51. Rf2 Rg4+ 52. Rg2 Kf6 53. Rxg4 Bxg4 54. Rc2 Be6 55. Rh2 Kf5 56. Rf2 Ke4 57. Bg2+ Ke3 58. Bf1 Kd4 59. f5 Bc8 60. Rd2+ Ke5 61. f6 Kxf6 62. Rf2+ Ke7 63. Re2+ Be6 64. Rd2 Kf6 65. Kf2 Ke5 66. Be2 Kf6 67. Rc2 Ke7 68. Rd2 Rb6 69. Bd3 Ra6 70. Be2 Ra7 71. Ke3 Ra8 72. Rc2 Rb8 73. Rc3 Kd6 74. Bd1 b5 75. cxb5 cxb5 76. Rd3+ Kc6 77. Rc3 Kb6 78. Bf3 c4 79. Rc1 Rd8 80. Kf4 Rd3 81. Re1 Rb3 82. Re2 c3 83. bxc3 Rxa3 84. Re5 Rxc3 85. Be2 Rc5 86. Re4 a3 87. Re3 Bc4 88. Rxa3 Bxe2 89. Ke3 Bc4 90. Kd4 Be6 91. Ke4 Rc4+ 92. Ke5 Ra4 0-1

[Event "Dos Hermanas Internet f 10th"]
[Site "ICC INT"]
[Date "2009.03.20"]
[Round "2.2"]
[White "Kovalyov, Anton"]
[Black "Ghaem Maghami, Ehsan"]
[Result "1-0"]
[WhiteElo "2557"]
[BlackElo "2604"]
[PlyCount "149"]
[GameId "1166651628457984"]
[EventDate "2009.03.20"]
[EventType "k.o. (blitz)"]
[EventRounds "5"]
[EventCountry "USA"]
[SourceTitle "CBM 129 Extra"]
[Source "ChessBase"]
[SourceDate "2009.05.05"]
[SourceVersion "2"]
[SourceVersionDate "2009.05.20"]
[SourceQuality "1"]

1. Nf3 d5 2. d4 Nf6 3. c4 dxc4 4. e3 e6 5. Bxc4 a6 6. a4 b6 7. O-O Bb7 8. Nbd2 Nbd7 9. b3 Bb4 10. Bb2 O-O 11. Qc2 Qe7 12. Rac1 c5 13. Qb1 Rac8 14. Bd3 Rfd8 15. Ne4 Nxe4 16. Bxe4 Bxe4 17. Qxe4 Nf6 18. Qh4 cxd4 19. Bxd4 Bc5 20. Bxf6 Qxf6 21. Qxf6 gxf6 22. Rc2 Ba3 23. Rxc8 Rxc8 24. Rb1 Kf8 25. Kf1 Rc2 26. Nd4 Ra2 27. Rd1 Bc5 28. Nf3 Rb2 29. Rd3 Ke7 30. Nd2 b5 31. axb5 axb5 32. Ne4 Bb4 33. g4 h6 34. Ng3 Rc2 35. Ne4 Ba3 36. Kg2 Bb2 37. Kf3 Be5 38. h4 b4 39. Rd1 f5 40. gxf5 exf5 41. Nd2 f6 42. Nc4 Rc3 43. Rb1 Ke6 44. Ke2 f4 45. Nd2 fxe3 46. fxe3 f5 47. Rg1 Bf6 48. Rg6 h5 49. e4 f4 50. Rh6 Kf7 51. Rxh5 Re3+ 52. Kd1 Ke6 53. Rf5 Be5 54. Rxe5+ Kxe5 55. Nc4+ Kxe4 56. Nxe3 Kxe3 57. Ke1 Kd4 58. h5 Ke5 59. Kf2 Kf5 60. Kf3 Kg5 61. h6 Kxh6 62. Kxf4 Kg6 63. Ke5 Kf7 64. Kd5 Ke7 65. Kc5 Kd7 66. Kxb4 Kc6 67. Ka5 Kc7 68. b4 Kb7 69. Kb5 Kc7 70. Ka6 Kb8 71. b5 Ka8 72. b6 Kb8 73. b7 Kc7 74. Ka7 Kc6 75. b8=Q 1-0

[Event "Dos Hermanas Internet f 10th"]
[Site "ICC INT"]
[Date "2009.03.20"]
[Round "2.3"]
[White "Ghaem Maghami, Ehsan"]
[Black "Kovalyov, Anton"]
[Result "1-0"]
[WhiteElo "2604"]
[BlackElo "2557"]
[PlyCount "83"]
[GameId "1166651628482560"]
[EventDate "2009.03.20"]
[EventType "k.o. (blitz)"]
[EventRounds "5"]
[EventCountry "USA"]
[SourceTitle "CBM 129 Extra"]
[Source "ChessBase"]
[SourceDate "2009.05.05"]
[SourceVersion "2"]
[SourceVersionDate "2009.05.20"]
[SourceQuality "1"]

1. e4 c5 2. Nf3 d6 3. c3 Nf6 4. Bd3 g6 5. Bc2 Bg7 6. O-O O-O 7. h3 Nc6 8. Re1 e5 9. d3 h6 10. a3 b6 11. b4 Bb7 12. Nbd2 Kh7 13. Nc4 Qc7 14. Rb1 Rfe8 15. b5 Ne7 16. a4 a5 17. Bb3 Kg8 18. Bb2 Rad8 19. Qc2 h5 20. Rbc1 Nd7 21. d4 cxd4 22. cxd4 exd4 23. Bxd4 Bxd4 24. Nxd4 Nc5 25. Nd2 d5 26. e5 Qd7 27. N2f3 Rc8 28. Qd2 Nf5 29. Bc2 Ne4 30. Qf4 Rc4 31. Nxf5 Qxf5 32. Qh6 Rec8 33. Bxe4 dxe4 34. Rxc4 Rxc4 35. Ng5 Rc2 36. Rf1 e3 37. e6 fxe6 38. Qh7+ Kf8 39. Qxb7 Qxg5 40. fxe3+ Ke8 41. Qf7+ Kd8 42. Qf8+ 1-0

[Event "Dos Hermanas Internet f 10th"]
[Site "ICC INT"]
[Date "2009.03.20"]
[Round "2.4"]
[White "Kovalyov, Anton"]
[Black "Ghaem Maghami, Ehsan"]
[Result "1-0"]
[WhiteElo "2557"]
[BlackElo "2604"]
[PlyCount "119"]
[GameId "1166651628511232"]
[EventDate "2009.03.20"]
[EventType "k.o. (blitz)"]
[EventRounds "5"]
[EventCountry "USA"]
[SourceTitle "CBM 129 Extra"]
[Source "ChessBase"]
[SourceDate "2009.05.05"]
[SourceVersion "2"]
[SourceVersionDate "2009.05.20"]
[SourceQuality "1"]

1. Nf3 Nf6 2. c4 c5 3. Nc3 e6 4. g3 b6 5. Bg2 Bb7 6. O-O Be7 7. d4 cxd4 8. Qxd4 d6 9. Bg5 Nc6 10. Qd2 O-O 11. Rfd1 Rc8 12. Rac1 Na5 13. b3 h6 14. Bxf6 Bxf6 15. Qxd6 Qxd6 16. Rxd6 Bxf3 17. Bxf3 Nxc4 18. bxc4 Rxc4 19. Rc6 Rd4 20. e3 Rd2 21. a4 Rfd8 22. Ne4 Ra2 23. Nxf6+ gxf6 24. Rc8 Rxc8 25. Rxc8+ Kg7 26. Bc6 Rc2 27. Bd7 Rd2 28. Bb5 f5 29. Rc7 a5 30. Rc6 h5 31. h4 Kf6 32. Rxb6 Ke5 33. Kg2 f6 34. Kf3 Rb2 35. Ra6 Kd5 36. Rxa5 Kd6 37. Ra6+ Ke7 38. Ra7+ Kd6 39. Rd7+ Kc5 40. Rf7 e5 41. Rxf6 e4+ 42. Kg2 Kb4 43. Rxf5 Kc3 44. Rxh5 Kd2 45. Rd5+ Ke1 46. Rd4 Rxf2+ 47. Kh3 Rf3 48. Rxe4 Rf5 49. Kg4 Rf7 50. Rf4 Rg7+ 51. Kf3 Re7 52. g4 Kd2 53. Rd4+ Ke1 54. g5 Rf7+ 55. Rf4 Re7 56. g6 Re6 57. Rg4 Rxg6 58. Rxg6 Kd2 59. h5 Kc3 60. e4 1-0

[Event "Dos Hermanas Internet f 10th"]
[Site "ICC INT"]
[Date "2009.03.21"]
[Round "3.1"]
[White "Zinchenko, Yaroslav"]
[Black "Kovalyov, Anton"]
[Result "0-1"]
[WhiteElo "2527"]
[BlackElo "2557"]
[PlyCount "68"]
[GameId "1166651628556288"]
[EventDate "2009.03.20"]
[EventType "k.o. (blitz)"]
[EventRounds "5"]
[EventCountry "USA"]
[SourceTitle "CBM 129 Extra"]
[Source "ChessBase"]
[SourceDate "2009.05.05"]
[SourceVersion "2"]
[SourceVersionDate "2009.05.20"]
[SourceQuality "1"]

1. e4 c5 2. Nf3 d6 3. d4 cxd4 4. Nxd4 Nf6 5. Nc3 a6 6. Be3 e5 7. Nb3 Be6 8. Qd2 Nbd7 9. f4 Rc8 10. O-O-O b5 11. f5 Bc4 12. Kb1 Qc7 13. h3 b4 14. Nd5 Nxd5 15. exd5 Bxf1 16. Rhxf1 a5 17. Qd3 Be7 18. g4 h6 19. Nd2 Nf6 20. Qb5+ Kf8 21. Qd3 a4 22. Rg1 a3 23. b3 Qc3 24. Nc4 Rxc4 25. Qxc3 Rxc3 26. Bd2 Nxd5 27. Be1 Rc5 28. Kc1 Nc3 29. Bxc3 Rxc3 30. Rd5 Bg5+ 31. Kb1 Ke7 32. Rb5 Rhc8 33. Rg2 Rxh3 34. Rg1 Rh2 0-1

[Event "Dos Hermanas Internet f 10th"]
[Site "ICC INT"]
[Date "2009.03.21"]
[Round "3.4"]
[White "Kovalyov, Anton"]
[Black "Zinchenko, Yaroslav"]
[Result "1-0"]
[WhiteElo "2557"]
[BlackElo "2527"]
[PlyCount "79"]
[GameId "1166651628597248"]
[EventDate "2009.03.20"]
[EventType "k.o. (blitz)"]
[EventRounds "5"]
[EventCountry "USA"]
[SourceTitle "CBM 129 Extra"]
[Source "ChessBase"]
[SourceDate "2009.05.05"]
[SourceVersion "2"]
[SourceVersionDate "2009.05.20"]
[SourceQuality "1"]

1. Nf3 Nf6 2. c4 g6 3. Nc3 d5 4. Qa4+ Bd7 5. Qb3 dxc4 6. Qxc4 a6 7. Qb3 Bg7 8. g3 b5 9. a4 bxa4 10. Nxa4 O-O 11. Bg2 Bc6 12. O-O Nbd7 13. d3 Rb8 14. Qc2 Bd5 15. Nd2 Bxg2 16. Kxg2 c5 17. Nc4 Qc7 18. Bf4 e5 19. Be3 Nd5 20. Nc3 Nb4 21. Qd2 f5 22. Bh6 Bxh6 23. Qxh6 Nf6 24. h3 Nc2 25. Rac1 Nd4 26. Ra1 Rfe8 27. Kh2 Re6 28. Qd2 Rbe8 29. Qd1 Kh8 30. e3 Nb5 31. Qe2 f4 32. Ne4 Nxe4 33. dxe4 Rf8 34. Qg4 Ref6 35. Kg1 fxg3 36. Qxg3 Re6 37. Rad1 Qb7 38. Rd5 Rfe8 39. Rfd1 Nc7 40. Nd6 1-0

[Event "Dos Hermanas Internet f 10th"]
[Site "ICC INT"]
[Date "2009.03.21"]
[Round "4.1"]
[White "Andriasian, Zaven"]
[Black "Kovalyov, Anton"]
[Result "0-1"]
[WhiteElo "2564"]
[BlackElo "2557"]
[PlyCount "192"]
[GameId "1166651628605440"]
[EventDate "2009.03.20"]
[EventType "k.o. (blitz)"]
[EventRounds "5"]
[EventCountry "USA"]
[SourceTitle "CBM 129 Extra"]
[Source "ChessBase"]
[SourceDate "2009.05.05"]
[SourceVersion "2"]
[SourceVersionDate "2009.05.20"]
[SourceQuality "1"]

1. e4 c5 2. Nf3 d6 3. d4 cxd4 4. Nxd4 Nf6 5. Nc3 a6 6. Be3 e5 7. Nf3 Be7 8. Bc4 O-O 9. O-O Qc7 10. Bb3 Be6 11. Bg5 Nbd7 12. Qe2 Rfc8 13. Rfd1 b5 14. Rac1 Bc4 15. Bxc4 Qxc4 16. Qxc4 Rxc4 17. Nd2 Rc7 18. Nf1 b4 19. Bxf6 Nxf6 20. Nd5 Nxd5 21. Rxd5 a5 22. Ne3 Bg5 23. Rxd6 Bxe3 24. fxe3 f6 25. Kf2 Rac8 26. Rd2 Rc4 27. Kf3 h5 28. g3 a4 29. h3 Kh7 30. g4 hxg4+ 31. hxg4 Kg6 32. g5 R8c6 33. gxf6 Rxf6+ 34. Ke2 Rxe4 35. Rg1+ Kf5 36. Rxg7 Rh6 37. Rg2 Rh3 38. Rd3 Reh4 39. b3 a3 40. c3 Ke4 41. Rd7 Rxe3+ 42. Kd2 bxc3+ 43. Kc2 Rh1 44. Ra7 Kf3 45. Rag7 Ra1 46. R7g3+ Ke4 47. Rxe3+ Kxe3 48. Kxc3 Kf3 49. Rh2 e4 50. b4 e3 51. Rh3+ Ke4 52. Rh4+ Kf3 53. Rh3+ Kf4 54. Rh4+ Kg3 55. Re4 Kf3 56. Re8 e2 57. Kb3 e1=Q 58. Rxe1 Rxe1 59. Kxa3 Ke4 60. Ka4 Kd5 61. Kb5 Kd6 62. a4 Kc7 63. Ka6 Re6+ 64. Ka5 Kb7 65. Kb5 Re4 66. Kc5 Rf4 67. Kb5 Rf5+ 68. Kc4 Rh5 69. Kd4 Kb6 70. Kc4 Rh4+ 71. Kc3 Kc6 72. Kb3 Kd5 73. a5 Kc6 74. Ka4 Rh5 75. a6 Kb6 76. Kb3 Kxa6 77. Kc4 Kb6 78. Kc3 Kb5 79. Kb3 Rh4 80. Kc3 Rc4+ 81. Kd3 Rxb4 82. Ke3 Rc4 83. Kd3 Kb4 84. Ke3 Kc5 85. Kd3 Rd4+ 86. Ke3 Kc4 87. Kf3 Kd5 88. Ke3 Re4+ 89. Kf3 Kd4 90. Kg3 Ke3 91. Kg2 Rf4 92. Kg3 Re4 93. Kg2 Rg4+ 94. Kh3 Kf3 95. Kh2 Rh4+ 96. Kg1 Rh3 0-1

[Event "Dos Hermanas Internet f 10th"]
[Site "ICC INT"]
[Date "2009.03.21"]
[Round "4.2"]
[White "Kovalyov, Anton"]
[Black "Andriasian, Zaven"]
[Result "0-1"]
[WhiteElo "2557"]
[BlackElo "2564"]
[PlyCount "34"]
[GameId "1166651628613632"]
[EventDate "2009.03.20"]
[EventType "k.o. (blitz)"]
[EventRounds "5"]
[EventCountry "USA"]
[SourceTitle "CBM 129 Extra"]
[Source "ChessBase"]
[SourceDate "2009.05.05"]
[SourceVersion "2"]
[SourceVersionDate "2009.05.20"]
[SourceQuality "1"]

1. c4 e5 2. Nc3 Nc6 3. g3 Bb4 4. Nd5 Nge7 5. Bg2 Nxd5 6. cxd5 Ne7 7. e3 O-O 8. a3 Ba5 9. Ne2 c6 10. b4 Bb6 11. Bb2 d6 12. Nc3 cxd5 13. Nxd5 Nxd5 14. Bxd5 Bh3 15. Qh5 Qd7 16. f4 Bg4 17. Qg5 Bd8 0-1

[Event "Dos Hermanas Internet f 10th"]
[Site "ICC INT"]
[Date "2009.03.21"]
[Round "4.3"]
[White "Andriasian, Zaven"]
[Black "Kovalyov, Anton"]
[Result "1-0"]
[WhiteElo "2564"]
[BlackElo "2557"]
[PlyCount "195"]
[GameId "1166651628621824"]
[EventDate "2009.03.20"]
[EventType "k.o. (blitz)"]
[EventRounds "5"]
[EventCountry "USA"]
[SourceTitle "CBM 129 Extra"]
[Source "ChessBase"]
[SourceDate "2009.05.05"]
[SourceVersion "2"]
[SourceVersionDate "2009.05.20"]
[SourceQuality "1"]

1. e4 c5 2. Nf3 d6 3. d4 cxd4 4. Nxd4 Nf6 5. Nc3 a6 6. Bg5 e6 7. Qd2 h6 8. Bxf6 Qxf6 9. O-O-O Bd7 10. f4 Nc6 11. Nf3 Qd8 12. Kb1 Qa5 13. g4 O-O-O 14. h4 Be7 15. Bg2 Kb8 16. g5 hxg5 17. hxg5 g6 18. a3 Qc7 19. Ne2 Bc8 20. Nfd4 Na5 21. Qd3 Nc4 22. Qc3 Rxh1 23. Rxh1 e5 24. Nf3 Be6 25. Rh7 d5 26. Nxe5 Nxe5 27. Qxc7+ Kxc7 28. fxe5 dxe4 29. b3 Bxg5 30. Bxe4 Rd7 31. Kb2 Be3 32. Bd3 Bg4 33. Rh4 Be6 34. Nf4 g5 35. Nxe6+ fxe6 36. Rh6 Bd4+ 37. Ka2 Re7 38. Rg6 Be3 39. Bc4 Kd7 40. a4 Bf4 41. b4 Bxe5 42. Rxg5 Bd6 43. Rg6 e5 44. Bd5 Kc7 45. Be4 Bxb4 46. Kb3 Bc5 47. Kc4 Ba7 48. c3 Bb6 49. Rg2 Rd7 50. Rb2 a5 51. Rg2 Re7 52. Rg6 Ba7 53. Rg5 Bb6 54. Rh5 Kb8 55. Rh6 Ka7 56. Rg6 Rc7+ 57. Kb3 Be3 58. Re6 Bf4 59. Rd6 Be3 60. Rd5 Rc5 61. Rd7 Ka6 62. Bxb7+ Kb6 63. Be4 Rc7 64. Rd6+ Ka7 65. Rd5 Bf4 66. Rxa5+ Kb6 67. Rb5+ Ka6 68. Rd5 Ka7 69. a5 Ka6 70. Bd3+ Ka7 71. c4 Bd2 72. Be4 Be3 73. Rb5 Bd4 74. Kb4 Ka6 75. c5 Bxc5+ 76. Ka4 Bd4 77. Bd3 Ka7 78. Rd5 Rc3 79. Rd7+ Kb8 80. Be4 Kc8 81. Rh7 Kd8 82. Kb5 Kc8 83. a6 Rc5+ 84. Kb4 Rc1 85. Bf5+ Kd8 86. Rd7+ Ke8 87. Rb7 Ra1 88. Kc4 Rxa6 89. Bd7+ Kd8 90. Bb5 Rd6 91. Rh7 Rd7 92. Rh8+ Kc7 93. Bxd7 Kxd7 94. Kd5 Kc7 95. Rh7+ Kb6 96. Rd7 Kb5 97. Rf7 Kb4 98. Rf3 1-0

[Event "Dos Hermanas Internet f 10th"]
[Site "ICC INT"]
[Date "2009.03.21"]
[Round "4.4"]
[White "Kovalyov, Anton"]
[Black "Andriasian, Zaven"]
[Result "0-1"]
[WhiteElo "2557"]
[BlackElo "2564"]
[PlyCount "82"]
[GameId "1166651628630016"]
[EventDate "2009.03.20"]
[EventType "k.o. (blitz)"]
[EventRounds "5"]
[EventCountry "USA"]
[SourceTitle "CBM 129 Extra"]
[Source "ChessBase"]
[SourceDate "2009.05.05"]
[SourceVersion "2"]
[SourceVersionDate "2009.05.20"]
[SourceQuality "1"]

1. Nf3 d5 2. d4 c6 3. c4 Nf6 4. Qb3 dxc4 5. Qxc4 b5 6. Qc2 e6 7. Bg5 Be7 8. Nbd2 O-O 9. e3 Bb7 10. a4 a6 11. Bd3 Nbd7 12. O-O h6 13. Bh4 Rc8 14. Qb3 Nb6 15. a5 Nbd7 16. Ne4 c5 17. Bxf6 Nxf6 18. Nxc5 Bxc5 19. dxc5 Rxc5 20. Rfd1 Qa8 21. Be2 Bd5 22. Qb4 Rfc8 23. Ne1 Qb8 24. Nd3 Rc4 25. Qe1 Rc2 26. Nb4 Rxb2 27. Rab1 Rxb1 28. Rxb1 Bb7 29. Bf1 Qd6 30. Rd1 Qe7 31. f3 Rd8 32. Rc1 Rc8 33. Rd1 Rd8 34. Rc1 Rc8 35. Rb1 Qc5 36. Qf2 Nd5 37. Nd3 Qxe3 38. Qxe3 Nxe3 39. Be2 Rc2 40. Kf2 Nd5 41. Ke1 Rxe2+ 0-1

[Event "Figueira da Foz op 6th"]
[Site "Figueira da Foz"]
[Date "2009.11.29"]
[Round "1"]
[White "Kovalyov, Anton"]
[Black "Neves, Pedro Alexandre Mai"]
[Result "1-0"]
[WhiteElo "2557"]
[BlackElo "2041"]
[PlyCount "125"]
[GameId "1166652670234624"]
[EventDate "2009.11.27"]
[EventType "swiss"]
[EventRounds "9"]
[EventCountry "POR"]
[SourceTitle "CBM 133 Extra"]
[Source "ChessBase"]
[SourceDate "2010.01.05"]
[SourceVersion "1"]
[SourceVersionDate "2010.01.05"]
[SourceQuality "1"]

1. Nf3 c5 2. c4 Nc6 3. g3 g6 4. Bg2 Bg7 5. Nc3 e5 6. a3 Nge7 7. O-O O-O 8. Ne1 d6 9. Nc2 Be6 10. Ne3 Qd7 11. b4 Bh3 12. Rb1 Bxg2 13. Kxg2 Nd4 14. bxc5 dxc5 15. Ned5 Nxd5 16. Nxd5 b5 17. d3 Rab8 18. e3 Nf5 19. Bb2 Nd6 20. Qc2 bxc4 21. dxc4 Rfd8 22. e4 f5 23. f3 Kh8 24. Ba1 Rxb1 25. Rxb1 Rf8 26. exf5 Nxf5 27. Re1 Qf7 28. Qd3 Nd4 29. Bxd4 cxd4 30. Re2 Qb7 31. Rc2 Qb1 32. Nb4 Rc8 33. Qe2 Qb3 34. c5 Qxa3 35. Nd3 Qa6 36. Qe4 Qc6 37. Ra2 Qxe4 38. fxe4 Rc7 39. Ra6 Bf8 40. Ra5 Kg7 41. Kf3 Kf6 42. Ke2 Ke6 43. Ra6+ Ke7 44. Kd2 Bg7 45. Kc2 Rb7 46. c6 Rc7 47. Nc5 Kd6 48. Nb7+ Ke6 49. Kd3 Bf8 50. Rxa7 Be7 51. Ra6 h5 52. Kc4 g5 53. Kb5 g4 54. Ra8 d3 55. Ra2 Bg5 56. Ra3 d2 57. Rd3 Be3 58. Nc5+ Ke7 59. Na6 Rc8 60. c7 Ra8 61. Nb8 Ba7 62. Nc6+ Kf6 63. Nxa7 1-0